| 000 | 01108nam a22002537a 4500 | ||
|---|---|---|---|
| 005 | 20100629141657.0 | ||
| 008 | 100629t xxu||||| |||| 00| 0 hin d | ||
| 010 | _aHIN-89567 | ||
| 020 |
_a9788181439239 _c275.00 |
||
| 035 | _aHN-61913 | ||
| 037 | _bDBAD / PUB | ||
| 040 |
_aDPL _bHN |
||
| 082 | _a425 | ||
| 100 |
_aकपूर, बदरीनाथ _921266 |
||
| 245 |
_aव्याकरण-सहचरः _cबदरीनाथ कपूर _b(सरल और संक्षिप्त हिंदी व्याकरण) / |
||
| 246 |
_aVyakaran-Sahchar: _bby Badrinath Kapoor |
||
| 260 |
_aनई दिल्ली _bवाणी प्रकाशन _c2009 |
||
| 270 |
_a4695, 21-ए, दरियागंज _bनई दिल्ली _e110002 |
||
| 300 |
_a174पृ _c22सेमी (सजिल्द) |
||
| 650 |
_aहिन्दी व्याकरण _921267 |
||
| 650 |
_aHindi Grammer _921268 |
||
| 942 |
_2ddc _cHN _mकपूर |
||
| 999 |
_c36757 _d36757 |
||